| 000 | 00531nam a2200181 i 4500 | ||
|---|---|---|---|
| 001 | 55581 | ||
| 003 | ES-MaACL | ||
| 005 | 20230906163156.0 | ||
| 007 | t| | ||
| 008 | 030923s1979 sp ||||1| spa d | ||
| 100 | 1 |
_aDescola, Jean. _943861 |
|
| 245 | 1 | 4 |
_aLas iluminaciones del Hermano Santiago / _cJean Descola ; [traducción Enrique Sordo]. |
| 250 | _a[1ª ed.]. | ||
| 260 |
_aBarcelona : _bArgos Vergara, _c[1979] |
||
| 300 |
_a283 p. ; _c20 cm. |
||
| 700 | 1 |
_aSordo, Enrique. _9107330 |
|
| 852 |
_aES-MaACL _jA-10800 _bR.99764 |
||
| 999 |
_c55581 _d55581 |
||